Devinez la Capitale Mystère #128 - Statistiques

Statistiques générales
  • Ce quiz a été pris 124 fois
  • Le résultat moyen est 27 sur 33
Statistiques - réponses
Type de Réponse Réponse % Correct
Lettre de l'Alphabet A
100%
Lettre Trouvée I
100%
Lettre de l'Alphabet R
100%
Lettre Trouvée E
99%
Lettre Trouvée N
99%
Lettre de l'Alphabet O
98%
Lettre de l'Alphabet S
98%
Lettre de l'Alphabet P
97%
Lettre de l'Alphabet B
96%
Lettre de l'Alphabet L
96%
Lettre de l'Alphabet M
95%
Lettre de l'Alphabet T
94%
Lettre de l'Alphabet U
94%
Lettre de l'Alphabet D
93%
Lettre de l'Alphabet C
89%
Lettre de l'Alphabet G
89%
Lettre de l'Alphabet K
89%
Lettre de l'Alphabet H
80%
Lettre Bien Placée I
80%
Lettre Bien Placée E
76%
Lettre de l'Alphabet W
74%
Lettre de l'Alphabet Y
74%
Lettre Bien Placée N
71%
Lettre Bien Placée N
68%
Lettre Trouvée V
65%
Lettre de l'Alphabet J
63%
Lettre de l'Alphabet X
63%
Lettre Bien Placée V
62%
Lettre de l'Alphabet Z
62%
Lettre Bien Placée E
61%
Lettre de l'Alphabet Q
58%
Lettre de l'Alphabet F
57%
Capitale Mystère Vienne
56%
Aucun quiz correspondant
Distribution des résultats
% des personnes avec chaque résultat
Percentile par nombre de réponses
Votre historique - résultats
Vous n’avez pas pris ce quiz